| 000 | 00739nam a2200169 a 4500 | ||
|---|---|---|---|
| 001 | 000044098 | ||
| 003 | OSt | ||
| 005 | 20240229073938.0 | ||
| 008 | 140515s1960 dr 000 0 spa d | ||
| 040 |
_aDO-SdBNP _bspa _cBNPHU |
||
| 082 |
_axxxx _bxxxx |
||
| 100 | 1 |
_aTrujillo Molina, Rafael Leónidas, _d 1891-1961 _976764 |
|
| 245 | 1 | 0 |
_aSpeech delivered by Generalissimo Doctor Rafael Leonidas Trujillo Molina, benefactor of the nation and father of the new nation : at San Juan de la Maguana, on the 22nd December 1959, on ocassion of the 104th anniversary of the Battle of Santomé. / _cRafael Leónidas Trujillo Molina. |
| 260 |
_aCiudad Trujillo, Dominican Republic : _b[s. n.], _c1960. |
||
| 300 |
_a15 p. ; _c23 cm. |
||
| 942 |
_2ddc _cLBS1 |
||
| 999 |
_c43587 _d43587 |
||